ბათუმის შოთა რუსთაველის სახელმწიფო უნივერსიტეტის ბიბლიოთეკა

მათემატიკა 3 კლ. : (ბიბ.ჩანაწერი № 54777)

000 -ლიდერი
ფიქსირებული სიგრძის საკონტროლო ველი 01033nam a2200253Ia 4500
001 - საკონტროლო ნომერი
საკონტროლო ველი 21845
003 - საკონტროლო ნომრის იდენტიფიკატორი
საკონტროლო ველი GE_BSU
005 - ბოლო ოპერაციის თარიღი და დრო
საკონტროლო ველი 20220531171637.0
008 - ფიქსირებული სიგრძის მონაცემთა ელემენტები - ზოგადი ინფორმაცია
ფიქსირებული სიგრძის საკონტროლო ველი 181216s2008||||ge |||||||||||||| ||geo||
020 ## - წიგნის საერთაშორისო სტანდარტული ნომერი
International Standard Book Number 978-99928-11-29-0
040 ## - კატალოგიზაციის წყარო
Transcribing agency GE_BSU
041 ## - ენის კოდი
Language code of text/sound track or separate title geo
080 ## - უნივერსალური ათობითი კლასიფიკაციის ინდექსი
Universal Decimal Classification number 51(072) რ-97
100 ## - მთავარი ჩანაწერი - პიროვნების სახელი
Personal name რუხაძე, ირინე
9 (RLIN) 13917
245 ## - ცნობა სათაურის შესახებ
Title მათემატიკა 3 კლ. :
Remainder of title მასწავლებლის წიგნი /
Statement of responsibility, etc ირინე რუხაძე ; რედ. : ლ. რუხაძე, ნ. ალიაშვილი.
264 ## - წარმოების, გამოცემის, დისტრიბუციის და სხვა ცნობები
გამოცემის, წარმოების, დისტრიბუციის... ადგილი თბილისი :
გამოცემის, წარმოების, დისტრიბუციის... სახელწოდება პედაგოგიკა,
გამოცემის, წარმოების, დისტრიბუციის... თარიღი 2008.
300 ## - ფიზიკური აღწერა
Extent 208 გვ. :
Other physical details ნახ. ;
Dimensions 27 სმ.
653 ## - INDEX TERM--UNCONTROLLED
Uncontrolled term მათემატიკა
653 ## - INDEX TERM--UNCONTROLLED
Uncontrolled term მასწავლებლის წიგნი
700 ## - ADDED ENTRY--PERSONAL NAME
Personal name რუხაძე, ლ.
Relator term რედაქტორი
9 (RLIN) 13918
700 ## - ADDED ENTRY--PERSONAL NAME
Personal name ალიაშვილი, ნ.
Relator term რედაქტორი
9 (RLIN) 13919
942 ## - ADDED ENTRY ELEMENTS (KOHA)
Koha item type წიგნი
Source of classification or shelving scheme
ეგზემპლარები
ჩამოწერის სტატუსი დაკარგული ეგზემპლარის სტატუსი კლასიფიკაციის წყარო ან თაროზე გაწყობის სქემა დაზიანების სტატუსი არ გაიცემა მუდმივი მდებარეობა (დაცვის ადგილი) ამჟამინდელი ადგილსამყოფელი თაროზე განთავსების ადგილი შეძენის თარიღი ღირებულება, შესყიდვის ნორმალური ფასი სრული შენახვის შიფრი შტრიხკოდი ბოლო ოპერაციის თარიღი ეგზემპლარის მიმდევრობითი ნომერი (კეტერი?) ფასის ძალაში შესვლის თარიღი ეგზემპლარის სახეობა საჯარო შენიშვნა
          ბათუმის შოთა რუსთაველის სახელმწიფო უნივერსიტეტის მთავარი ბიბლიოთეკა ბათუმის შოთა რუსთაველის სახელმწიფო უნივერსიტეტის მთავარი ბიბლიოთეკა წიგნსაცავი 2022-05-31 7.00 51(072) რ-97 56342 2022-05-31 56342 2022-05-31 წიგნი 7.00 ₾.